Theory and applications of partial functional differential equations (Record no. 7769)

000 -LEADER
fixed length control field 00780 a2200193 4500
020 ## - INTERNATIONAL STANDARD BOOK NUMBER
International Standard Book Number 038794771X
040 ## - CATALOGING SOURCE
Original cataloging agency DLC
Language of cataloging DLC
082 00 - DEWEY DECIMAL CLASSIFICATION NUMBER
Classification number 510 s
-- 515/.353
100 1# - MAIN ENTRY--PERSONAL NAME
Personal name Wu, Jianhong.
245 10 - TITLE STATEMENT
Title Theory and applications of partial functional differential equations
Statement of responsibility, etc. Jianhong Wu.
260 ## - PUBLICATION, DISTRIBUTION, ETC.
Place of publication, distribution, etc. New York :
Name of publisher, distributor, etc. Springer,
Date of publication, distribution, etc. c1996.
300 ## - PHYSICAL DESCRIPTION
Extent x, 429 p. :
Other physical details ill. ;
Dimensions 24 cm.
490 1# - SERIES STATEMENT
Series statement Applied mathematical sciences ;
Volume/sequential designation 119
650 #0 - SUBJECT ADDED ENTRY--TOPICAL TERM
Topical term or geographic name entry element Functional differential equations.
830 #0 - SERIES ADDED ENTRY--UNIFORM TITLE
Uniform title Applied mathematical sciences (Springer-Verlag New York Inc.) ;
856 42 - ELECTRONIC LOCATION AND ACCESS
Materials specified Publisher description
Uniform Resource Identifier <a href="http://www.loc.gov/catdir/enhancements/fy0815/96014763-d.html">http://www.loc.gov/catdir/enhancements/fy0815/96014763-d.html</a>
856 42 - ELECTRONIC LOCATION AND ACCESS
Materials specified Table of contents only
Uniform Resource Identifier <a href="http://www.loc.gov/catdir/enhancements/fy0815/96014763-t.html">http://www.loc.gov/catdir/enhancements/fy0815/96014763-t.html</a>
942 ## - ADDED ENTRY ELEMENTS (KOHA)
Koha item type Book
Call number prefix 515.353 WUJ
Source of classification or shelving scheme
Holdings
Withdrawn status Lost status Damaged status Not for loan Collection code Permanent Location Current Location Shelving location Date acquired Source of acquisition Cost, normal purchase price Total Checkouts Full call number Barcode Date last seen Price effective from Koha item type
          Central Library (CL) Central Library (CL) General Stacks 03/14/2006 Multi-Line Books 851.44   515.353 WUJ SEECS007109 11/14/2012 01/05/2017 Book
© 2023 Central Library, National University of Sciences and Technology. All Rights Reserved.